| 000 | 00578cam a22002053a 4500 | ||
|---|---|---|---|
| 001 | 40793 | ||
| 003 | PGUSA | ||
| 005 | 20140828083918.0 | ||
| 008 | 120919s2012||||xxu|||||s|||||000 | eng d | ||
| 040 |
_aPGUSA _beng |
||
| 042 | _adc | ||
| 100 | 1 |
_aBenson, E. F. _q(Edward Frederic), _d1867-1940 |
|
| 245 | 1 | 4 |
_aThe Rubicon _h[electronic resource] / _cE. F. Benson |
| 260 |
_bProject Gutenberg, _c2012 |
||
| 506 | _aPublic domain in the USA. | ||
| 516 | _aElectronic text | ||
| 830 | 0 |
_aProject Gutenberg _v40793 |
|
| 856 | 4 | 0 | _uhttp://www.gutenberg.org/ebooks/40793 |
| 942 | _cEB | ||
| 999 |
_c270045 _d270045 |
||